[Event "Centrocoop op"]
[Site "Eforie Nord"]
[Date "1997.??.??"]
[Round "?"]
[White "Florescu, Codrut Constantin"]
[Black "Vararaciuc, Vivian"]
[Result "0-1"]
[WhiteElo "2300"]
[BlackElo "2195"]
[PlyCount "40"]
[EventDate "1997.??.??"]
[EventType "swiss"]
[EventRounds "11"]
[EventCountry "ROU"]
[SourceTitle "EXT 2010"]
[Source "ChessBase"]
[SourceDate "2010.11.25"]
[SourceVersion "1"]
[SourceVersionDate "2010.11.25"]
[SourceQuality "1"]

1. e4 e6 2. d4 d5 3. Nc3 dxe4 4. Nxe4 Be7 5. Nf3 Nf6 6. Nxf6+ Bxf6 7. c3 0-0 8. Bd3 Nc6 9. Be3 e5 10. dxe5 Nxe5 11. Nxe5 Bxe5 12. 0-0 Qh4 13. g3 Qh3 14. Qf3 Bg4 15. Qg2 Qh5 16. h4 Bf3 17. Qh3 f5 18. Bf4 Bxf4 19. Bc4+ Kh8 20. gxf4 Rf6 0-1

[Event "Centrocoop op"]
[Site "Eforie Nord"]
[Date "1997.??.??"]
[Round "4"]
[White "Garban, Alexandru"]
[Black "Vararaciuc, Vivian"]
[Result "0-1"]
[WhiteElo "1685"]
[BlackElo "2195"]
[PlyCount "60"]
[EventDate "1997.??.??"]
[EventType "swiss"]
[EventRounds "11"]
[EventCountry "ROU"]
[SourceTitle "EXT 2010"]
[Source "ChessBase"]
[SourceDate "2010.11.25"]
[SourceVersion "1"]
[SourceVersionDate "2010.11.25"]
[SourceQuality "1"]

1. e4 e6 2. d4 d5 3. Nc3 Nf6 4. e5 Nfd7 5. f4 c5 6. Nf3 Nc6 7. Be3 Be7 8. Be2 0-0 9. 0-0 a6 10. a4 Qb6 11. b3 cxd4 12. a5 Nxa5 13. Nxd4 Qc7 14. Qd2 Bb4 15. Qd1 Bxc3 16. Ra2 Bxd4 17. Bxd4 Nc6 18. Be3 b6 19. Rf3 f6 20. exf6 Nxf6 21. Bd3 Nb4 22. Ra1 Nxd3 23. Qxd3 Ne4 24. c4 Bb7 25. Rh3 dxc4 26. bxc4 Rad8 27. Qc2 Qc6 28. Rb1 b5 29. c5 Rf6 30. Rf1 Rg6 0-1

[Event "Centrocoop op"]
[Site "Eforie Nord"]
[Date "1997.??.??"]
[Round "4"]
[White "Vararaciuc, Vivian"]
[Black "Varlan, Hervig Ioan"]
[Result "0-1"]
[WhiteElo "2195"]
[BlackElo "2210"]
[PlyCount "60"]
[EventDate "1997.??.??"]
[EventType "swiss"]
[EventRounds "11"]
[EventCountry "ROU"]
[SourceTitle "EXT 2010"]
[Source "ChessBase"]
[SourceDate "2010.11.25"]
[SourceVersion "1"]
[SourceVersionDate "2010.11.25"]
[SourceQuality "1"]

1. Nf3 g6 2. g3 Bg7 3. Bg2 Nf6 4. 0-0 0-0 5. d3 d6 6. c4 e5 7. Nc3 Nc6 8. a3 a5 9. Rb1 Nd4 10. Ne1 c6 11. b4 axb4 12. axb4 d5 13. e3 Nf5 14. b5 Be6 15. c5 Nd7 16. g4 Nh4 17. d4 f5 18. h3 fxg4 19. hxg4 e4 20. Bh3 Nf3+ 21. Kg2 h5 22. Qb3 Qf6 23. Nxf3 exf3+ 24. Kh2 hxg4 25. Rg1 gxh3 26. Bd2 Qh4 27. Rg3 Nf6 28. Rbg1 Ng4+ 29. Rxg4 Qxf2+ 30. Kh1 Bxg4 0-1